000 00616nam a22002057a 4500
003 UA-OsUOA
001 9533
007 ta
008 20041129b un ||||| |||| 00| 0 ukr d
100 _aКостюченко В.
942 _cSA
040 _aUA-OsUOA
_bukr
_cUA-OsUOA
_dUA-OsUOA
245 _aОблік і звітність в умовах зворотної купівлі бізнесу
300 _aС.27-32
955 _a0
041 _aukr
044 _aUA
773 0 _w0
_tБухгалтерський облік і аудит
_dК.
_d2004
_gN11
650 7 _aБухгалтерський облік
_2UDC
999 _c295694
_d295694